| 000 | 00413nam a2200133Ia 4500 | ||
|---|---|---|---|
| 008 | 220216s9999 xx 000 0 und d | ||
| 100 | _aJacob M K | ||
| 245 | 0 | _aNatural rubber-silver nanocomposites: Via a novel route for nanocomposites | |
| 260 | _bInternational Rubber Conference & Exhibition 2010, 17-19 November 2010, Mumbai | ||
| 700 | _aAlex R | ||
| 700 | _aBrito I | ||
| 700 | _aThomas K T | ||
| 942 | _cBS | ||
| 999 |
_c53149 _d53149 |
||